| 000 | 00378 a2200145 4500 | ||
|---|---|---|---|
| 020 | _a0-09-941978-5 | ||
| 040 |
_aDLC _bDLC |
||
| 082 | _a823.914 | ||
| 100 | 1 | _aLee, Harper | |
| 245 | 1 | 0 |
_aTo Kill a Mockingbird _bHarper Lee. |
| 260 |
_aLondon: _bArrow, _c1997. |
||
| 300 |
_a309 p. _c18 cm. |
||
| 650 | _aMotion picture music -- Excerpts, arranged. | ||
| 942 |
_cBK _k823.914 LEE _2ddc |
||
| 999 |
_c7758 _d7758 |
||